[Event "St Petersburg-ch"]
[Site "St Petersburg"]
[Date "1997.03.05"]
[Round "2"]
[White "Svidler, Peter"]
[Black "Lugovoi, Aleksei"]
[Result "1-0"]
[WhiteElo "2640"]
[BlackElo "2510"]

1.e4 c5 2.Nf3 d6 3.d4 cxd4 4.Nxd4 Nf6 5.Nc3 Nc6 6.Bg5 e6 7.Qd2 Be7 8.O-O-O Nxd4
9.Qxd4 a6 10.f4 O-O 11.Bc4 b5 12.Bb3 Qc7 13.Kb1 Re8 14.e5 dxe5 15.fxe5 Nd7
16.Bxe7 Rxe7 17.Ne4 Nf8 18.Nd6 Qa7 19.Qg4 Qc5 20.Rhf1 Rb8 21.Qh5 Qc7 22.Rd2 a5
23.Rdf2 g6 24.Qh4 a4 25.Nxf7 Rxf7 26.Rxf7 Qxf7 27.Rxf7 Kxf7 28.Bxa4 bxa4
29.Qxa4 Nd7 30.Qh4 h5 31.c4 Bb7 32.Qd4 Ke8 33.g3 Bc6 34.Kc1 Rc8 35.b3 Bg2
36.Qd3 Rc5 37.Qxg6+ Ke7 38.Qg5+ Ke8 39.Qxh5+ Kd8 40.Qg5+ Kc7 41.Qd2 Bh3 42.Qh6 Bf5
43.Qg7 Rxe5 44.g4 Re1+ 45.Kb2 Rg1 46.h3 Rg2+ 47.Kc3 Bb1 48.h4 e5 49.h5 e4
50.h6 e3 51.h7 Rc2+ 52.Kb4 e2 53.Qe7 Rc1 54.Qxe2 Rh1 55.g5 Rxh7 56.Qe1 Bg6
57.Qg3+ Kc6 58.Qf3+ Kc7 59.Qf4+ Kb7 60.Qd6 Bb1 61.g6 Rg7 62.Qd4  1-0

[Event "Beersheba 16th"]
[Site "Beersheba"]
[Date "1997.03.07"]
[Round "11"]
[White "Dvoirys, Semen I"]
[Black "Tyomkin, Dimitri"]
[Result "1/2-1/2"]
[WhiteElo "2590"]
[BlackElo "2450"]

1.e4 c5 2.Nf3 Nc6 3.d4 cxd4 4.Nxd4 Nf6 5.Nc3 d6 6.Bg5 e6 7.Qd2 a6 8.O-O-O h6
9.Be3 Nxd4 10.Bxd4 b5 11.Bd3 Be7 12.f4 b4 13.Ne2 Qa5 14.Kb1 e5 15.Be3 O-O
16.Ng3 Ng4 17.f5 Bb7 18.Qe2 Nxe3 19.Qxe3 d5 20.Nh5 f6 21.Nxg7 Kxg7 22.Qg3+ Kh8
23.Qg6 Qc7 24.Qxh6+ Kg8 25.Qg6+ Kh8 26.Rhf1 dxe4 27.Qh6+ Kg8 28.Qg6+ Kh8
29.Bxe4 Bxe4 30.Qh5+ Kg8 31.Qg6+ Kh8 32.Qh5+ Kg8 33.Qg4+ Kh8 34.Qxe4 Rad8
35.Qh4+ Kg7 36.Qg4+ Kh8 37.Qh5+ Kg8 38.Qg6+ Kh8 39.Qh6+ Kg8 40.Qg6+ Kh8 41.c3 Qc4
42.Qh5+ Kg8 43.Qg6+ Kh8  1/2-1/2

[Event "CUB-ch"]
[Site "Matanzas"]
[Date "1997.03.18"]
[Round "3"]
[White "Herrera, Irisberto"]
[Black "Rodriguez, Amador"]
[Result "0-1"]
[WhiteElo "2450"]
[BlackElo "2555"]

1.e4 c5 2.Nf3 d6 3.d4 cxd4 4.Nxd4 Nf6 5.Nc3 Nc6 6.Bg5 e6 7.Qd2 a6 8.O-O-O Bd7
9.f3 b5 10.Kb1 h6 11.Be3 Ne5 12.Bd3 Qc7 13.h4 h5 14.f4 b4 15.fxe5 bxc3 16.exd6 Bxd6
17.Qxc3 Qxc3 18.bxc3 Ng4 19.Bg1 Ke7 20.Be2 Rhb8+ 21.Ka1 Ba3 22.Nb3 Bc6 23.Bxg4 hxg4
24.Bh2 Rd8 25.Rde1 f6 26.Bc7 Rdc8 27.Bb6 Rab8 28.Ba7 Rb5 29.Re3 Ba8 30.Rg3 Kf7
31.Rxg4 Rxc3 32.Rd1 Rb7 33.Bg1 Rxc2 34.Be3 e5 35.Rd8 Re2 36.Bd2 Rf2 37.Rxa8 Rf1+
38.Bc1 Bxc1 39.Kb1 Ba3+ 40.Kc2 Rf2+ 41.Kd3 Rxa2 42.Na5 Rd7+ 43.Kc4 Be7 44.Rxa6 Rd4+  0-1

[Event "Beersheba 16th"]
[Site "Beersheba"]
[Date "1997.03.??"]
[Round "6"]
[White "Dvoirys, Semen I"]
[Black "Tseitlin, Mark D"]
[Result "1-0"]
[WhiteElo "2590"]
[BlackElo "2505"]

1.e4 c5 2.Nf3 d6 3.d4 cxd4 4.Nxd4 Nf6 5.Nc3 Nc6 6.Bg5 e6 7.Qd2 a6 8.O-O-O h6
9.Be3 Be7 10.f4 Nxd4 11.Bxd4 b5 12.Bd3 b4 13.Ne2 Qa5 14.Kb1 e5 15.Be3 O-O
16.Rhf1 Rd8 17.Ng3 Be6 18.b3 d5 19.Qe1 Bg4 20.Rd2 dxe4 21.Nxe4 Nd5 22.Bc4 Be6
23.f5 Nc3+ 24.Nxc3 Bxc4 25.Rxd8+ Rxd8 26.Ne2 Bxe2 27.Qxe2 e4 28.Bc1 Qb5 29.Qxb5 axb5
30.Re1 Kf8 31.c3 bxc3 32.Rxe4 Rd1 33.Kc2 Rf1 34.Rf4 Rh1 35.Rf2 b4 36.g3 Re1
37.Bf4 Bc5 38.Rg2 Ke7 39.Kd3 Kf6 40.Kc4 Be7 41.Rf2 g5 42.Bc7 Rd1 43.Bb6 Bd6
44.Bd4+ Be5 45.Bxe5+ Kxe5 46.Kxb4 Rd2 47.Rf3 c2 48.Rc3 Rxh2 49.a4 Kxf5 50.a5 Kg4
51.a6 f5 52.Kb5 Rg2 53.a7 c1=Q 54.Rxc1 Ra2 55.Rc4+  1-0

[Event "FRA-chT9697 final"]
[Site "Clichy"]
[Date "1997.05.03"]
[Round "10"]
[White "Koglin, Anke"]
[Black "Pue, P."]
[Result "1/2-1/2"]
[WhiteElo "2200"]
[BlackElo "2105"]

1.e4 c5 2.Nf3 d6 3.d4 cxd4 4.Nxd4 Nf6 5.Nc3 Nc6 6.Bg5 e6 7.Qd2 Be7 8.O-O-O O-O
9.f4 Nxd4 10.Qxd4 Qa5 11.Bc4 Bd7 12.e5 dxe5 13.fxe5 Bc6 14.Bd2 Nd7 15.Nd5 Qc5
16.Nxe7+ Qxe7 17.Rhe1 Rfd8 18.Qg4 Nf8 19.Bd3 Rxd3 20.cxd3 Rc8 21.Kb1 Qd7
22.Bc3 Qd5 23.Rd2 a5 24.h4 Qd8 25.h5 h6 26.Re3 Nh7 27.Re1 Bb5 28.Qd4 Qg5
29.Qe3 Qxh5 30.Bxa5 Ng5 31.Bb4 Qh4 32.Be7 Bc6 33.Bxg5 hxg5 34.Rf1 Bd5 35.Qf2 Qh5
36.Rc2 Ra8 37.b3 Qg6 38.Rc3 Bc6 39.Kb2 Rd8 40.Rd1 Qh5 41.Rd2 g4 42.Qe3 Qh6
43.d4 Bd5 44.Rf2 Bc6 45.Qd2 Qxd2+ 46.Rxd2 f5 47.exf6 gxf6 48.Rc5 Kf7 49.b4 Bd5
50.a4 f5 51.b5 Kf6 52.b6 f4 53.a5 f3 54.gxf3 Bxf3 55.Kc3 Ke7 56.Rf2 Kd6 57.Rg5 Rc8+
58.Kd3 Rc1 59.Rb2 Ra1 60.Ke3 Ra3+ 61.Kd2 Bd5 62.Rxg4 Rxa5 63.Rg7 Ra6 64.Ke3 Ra3+
65.Kd2 Ra4 66.Ke3 Ra3+ 67.Kd2 Ra4 68.Ke3  1/2-1/2

[Event "Najdorf"]
[Site "Buenos Aires"]
[Date "1997.05.19"]
[Round "1"]
[White "Zarnicki, Pablo"]
[Black "Kotronias, Vasilios"]
[Result "1/2-1/2"]
[WhiteElo "2560"]
[BlackElo "2590"]

1.e4 c5 2.Nf3 Nc6 3.d4 cxd4 4.Nxd4 Nf6 5.Nc3 d6 6.Bg5 e6 7.Qd2 a6 8.O-O-O h6
9.Bf4 Bd7 10.Nxc6 Bxc6 11.f3 d5 12.Qe1 Bb4 13.a3 Ba5 14.b4 Bb6 15.exd5 Bxd5
16.Be5 O-O 17.Qh4 Nd7 18.Qxd8 Rfxd8 19.Nxd5 exd5 20.Bb2 Nf8 21.Bd3 a5 22.Rhe1 axb4
23.axb4 Bc7 24.g3 Bd6 25.c3 d4 26.Be4 Ne6 27.Bxb7 Rab8 28.Ba6 Bf8 29.Kc2 Rd7
30.Bc4 Rc7 31.Bxe6 dxc3 32.Bc1 fxe6 33.Bf4 Rcb7 34.Bxb8 Rxb8 35.Rd4 Be7 36.Rxe6 Bxb4
37.Rde4 Rb7 38.Re8+ Kf7 39.Ra8 Be7 40.Kxc3 Bf6+ 41.Kc4 Rb2 42.Ra7+ Kg8 43.h4 h5
44.f4 Rc2+ 45.Kd5 Rc3 46.f5 Rf3 47.Re8+ Kh7 48.Ke4 Rxg3 49.Raa8 g6 50.Ra7+ Kh6
51.Re6 Rg4+ 52.Kd5 Bxh4 53.Raa6 Kg5 54.fxg6 Kh6 55.g7+ Kh7 56.Rg6 Rxg6 57.Rxg6 Kg8
58.Ke4 Be1 59.Kf5 Bc3 60.Rh6 Kxg7 61.Rxh5 Bd2 62.Rh3 Bb4 63.Rg3+ Kf7 64.Rb3 Be7
65.Rb7 Kf8 66.Ke6 Bg5 67.Rd7 Bh4 68.Ra7 Bg5 69.Ra8+ Kg7 70.Kf5 Be7 71.Ra7 Kf7
72.Rb7 Kf8 73.Ke6 Bg5 74.Rf7+ Kg8 75.Rf1 Kg7 76.Kf5 Be7 77.Rh1 Bd8 78.Ke6 Bg5
79.Rg1 Kg6 80.Rg2 Kh6 81.Kf5 Be7 82.Rg4 Bd8 83.Rg6+ Kh7 84.Rd6 Bh4 85.Kg4 Bf2
86.Re6 Kg7 87.Kg5 Bc5 88.Re5 Bd6 89.Re6 Bc5 90.Kf5 Kf7 91.Rf6+ Ke7 92.Rh6 Kd7
93.Ke5 Kc7 94.Kd5 Be3 95.Re6 Bf2 96.Rc6+ Kb7 97.Rc3 Bb6 98.Kd6 Ba7 99.Rc7+ Kb6
100.Rc6+ Kb7 101.Kd5 Bb6  1/2-1/2

[Event "Shavuot Masters"]
[Site "Tel Aviv"]
[Date "1997.06.14"]
[Round "9"]
[White "Ribshtein, Nati"]
[Black "Vovsha, Eli"]
[Result "1/2-1/2"]
[WhiteElo "2290"]
[BlackElo "2205"]

1.e4 c5 2.Nf3 d6 3.d4 cxd4 4.Nxd4 Nf6 5.Nc3 Nc6 6.Bg5 e6 7.Qd2 Be7 8.O-O-O O-O
9.f4 Nxd4 10.Qxd4 Qa5 11.Bc4 Bd7 12.e5 dxe5 13.fxe5 Bc6 14.Bd2 Nd7 15.Nd5 Qd8
16.Nxe7+ Qxe7 17.Rhe1 Rfd8 18.Qg4 Nf8 19.Bd3 Rxd3 20.cxd3 Qd7 21.Kb1 Qd5
22.Re3 Ng6 23.Rg3 Qxe5 24.Bc3 Qb5 25.h4 h5 26.Qe2 Bd5 27.b3 a5 28.Qxh5 a4
29.Rxg6 fxg6 30.Qxg6 Qd7 31.h5 Qf7 32.Qxf7+ Kxf7 33.Rf1+ Kg8 34.Rf4 axb3
35.Rg4 bxa2+ 36.Ka1 Ra3 37.Rxg7+ Kf8  1/2-1/2

[Event "Drury Lane"]
[Site "London"]
[Date "1997.06.21"]
[Round "6"]
[White "McDonald, Neil R"]
[Black "Pedersen, Steffen"]
[Result "1/2-1/2"]
[WhiteElo "2490"]
[BlackElo "2420"]

1.e4 c5 2.Nf3 d6 3.d4 cxd4 4.Nxd4 Nf6 5.Nc3 Nc6 6.Bg5 e6 7.Qd2 a6 8.O-O-O Nxd4
9.Qxd4 Be7 10.Be2 Qc7 11.f4 b5 12.e5 dxe5 13.fxe5 Nd5 14.Bxe7 Nxc3 15.Bf3 Ne2+
16.Bxe2 Qxe7 17.Bf3 Bb7 18.Bxb7 Qxb7 19.Qd6 Rc8 20.Rd2 Qc6 21.Rhd1 Qxd6 22.Rxd6 Ra8
23.Rb6 O-O 24.Rdd6 f6 25.Rxa6 Rxa6 26.Rxa6 fxe5 27.Rb6 Rf2 28.g3 Rxh2 29.Rxb5 Rg2
30.Rb3 Rg1+ 31.Kd2 Rg2+ 32.Kd1 Kf7 33.a4 Rg1+ 34.Ke2 Ra1 35.Rb4 h5 36.c4 Ke7
37.c5 Kd7 38.Kd2 g5 39.Rc4 Kc7 40.Re4 Kc6 41.Rc4 h4 42.gxh4 gxh4 43.Rxh4 Kxc5
44.Kd3 Rd1+ 45.Kc3 Rc1+ 46.Kd2 Ra1 47.b3 Kd5 48.Kc3 Rc1+ 49.Kd3 Rd1+ 50.Kc2 Ra1
51.Kb2 Rf1 52.a5 e4 53.Kc3 Rc1+ 54.Kb2 Rf1 55.a6 e3 56.a7 Rf8 57.Kc3 Ra8
58.Ra4 Kc6 59.Ra6+ Kb5 60.Rxe6 Rxa7 61.Re5+ Kb6 62.Rxe3 Rh7 63.b4 Rh4 64.Re6+ Kb5
65.Re5+ Kb6 66.Kb3 Rh1 67.Re6+  1/2-1/2

[Event "Vier Laenderkampf"]
[Site "Schoeneck"]
[Date "1997.06.??"]
[Round "2"]
[White "Zude, Arno"]
[Black "Siegel, Georg"]
[Result "1/2-1/2"]
[WhiteElo "2410"]
[BlackElo "2480"]

1.e4 c5 2.Nf3 d6 3.d4 cxd4 4.Nxd4 Nf6 5.Nc3 Nc6 6.Bg5 e6 7.Qd2 a6 8.O-O-O h6
9.Be3 Be7 10.f4 Nxd4 11.Bxd4 b5 12.Be2 Bb7 13.Bf3 b4 14.Bxf6 gxf6 15.Ne2 Qb6
16.f5 e5 17.Kb1 Rc8 18.Ng3 a5 19.Rhe1 a4 20.Re3 Rc5 21.Rd3 h5 22.h4 Rc4 23.Qe2 Ba6
24.Qe1 a3 25.Rb3 axb2 26.Be2 Rc8 27.Bxa6 Qxa6 28.Qd2 Rg8 29.Nf1 Rg4 30.Qd3 Qb7
31.Nd2 Rxg2 32.Rxb2 Rg4 33.a3 d5 34.axb4 d4 35.b5 Rc3 36.Qe2 Ba3 37.Ra2 d3
38.cxd3 Qxb5+ 39.Ka1 Qxd3 40.Nb1 Qxe2 41.Rxe2 Rh3 42.Rc2 Rxe4 43.Rc8+ Ke7
44.Rc7+ Ke8  1/2-1/2

[Event "Vier Laenderkampf"]
[Site "Schoeneck"]
[Date "1997.06.??"]
[Round "2"]
[White "Beikert, Guenther"]
[Black "Schnitzspan, Lothar"]
[Result "0-1"]
[WhiteElo "2435"]
[BlackElo "2330"]

1.e4 c5 2.Nf3 d6 3.d4 cxd4 4.Nxd4 Nf6 5.Nc3 Nc6 6.Bg5 e6 7.Qd2 a6 8.O-O-O Bd7
9.Be2 Rc8 10.Nxc6 Rxc6 11.f4 h6 12.Bxf6 Qxf6 13.h4 Qd8 14.g4 Qa5 15.Kb1 Be7
16.g5 Qc5 17.Bd3 Bd8 18.Qg2 Rb6 19.Ne2 Qa3 20.b3 a5 21.c3 h5 22.Rd2 O-O 23.Rf1 Qc5
24.Qf3 g6 25.f5 Be7 26.Nf4 a4 27.Bc2 axb3 28.Bxb3 Ba4 29.Rb2 Bxb3 30.axb3 d5
31.exd5 exf5 32.Re1 Bd6 33.c4 Ra8 34.Nd3 Qa5 35.Kc2 Bf8 36.Re2 Bg7 37.Ne5 Re8
38.Nd7 Rxe2+ 39.Qxe2 Qc3+ 40.Kb1 Ra6 41.Nc5 Ra8 42.Nd3 Qd4 43.Nc1 Kf8 44.Ra2 Re8
45.Qd2 Qxh4 46.c5 Qe4+ 47.Qd3 Qe5 48.Re2 Qa1+ 49.Kc2 Rc8 50.Qc4 Qb2+ 51.Kd3 Qa3
52.Rc2 Be5 53.Ke2 Bd6 54.Nd3 f4 55.Qc3 Kg8 56.Kf3 b6 57.b4 Qa8 58.c6 Qa4
59.Nf2 Bxb4 60.Qd3 Bd6 61.Ne4 Be5 62.d6 Rxc6 63.d7 Rxc2 64.d8=Q+ Kg7 65.Nf6 Qc6+
66.Q8d5 Qc8 67.Nxh5+ gxh5 68.Qxe5+ Kg8 69.g6 Qh3+ 70.Ke4 Qg2+ 71.Kd4 Qf2+
72.Kd5 Rc5+ 73.Kd6 Rxe5 74.gxf7+ Kf8  0-1

[Event "CZE-ch"]
[Site "Zlin"]
[Date "1997.06.??"]
[Round "11"]
[White "Haba, Petr"]
[Black "Cvek, Robert"]
[Result "1/2-1/2"]
[WhiteElo "2520"]
[BlackElo "2340"]

1.e4 c5 2.Nf3 Nc6 3.d4 cxd4 4.Nxd4 Nf6 5.Nc3 d6 6.Bg5 e6 7.Qd2 a6 8.O-O-O h6
9.Be3 Be7 10.f3 Nxd4 11.Bxd4 e5 12.Be3 b5 13.Kb1 Be6 14.g4 Qa5 15.h4 Rc8
16.Nd5 Qxd2 17.Rxd2 Nxd5 18.exd5 Bd7 19.Bd3 Bf6 20.Rdh2 g6 21.g5 hxg5 22.hxg5 Rxh2
23.Rxh2 Bg7 24.Bd2 Bf5 25.Be4 Ke7 26.b3 Rh8 27.Rxh8 Bxh8 28.c4 bxc4 29.bxc4 Bxe4+
30.fxe4 f5 31.gxf6+ Bxf6 32.Kc2 Bh4 33.Kd1 Bf2 34.Bb4 Bg1 35.Ke2 Bd4 36.Kf3 Bg1
37.Bd2 Bc5 38.Kg4 Kf7 39.Kg5 Kg7 40.Bc1 Bb4 41.Be3 Ba3 42.Bd2  1/2-1/2

[Event "Wch U20"]
[Site "Zagan"]
[Date "1997.07.14"]
[Round "1"]
[White "Li Shilong"]
[Black "Krakops, Maris"]
[Result "0-1"]
[WhiteElo "2335"]
[BlackElo "2530"]

1.e4 c5 2.Nf3 Nc6 3.d4 cxd4 4.Nxd4 Nf6 5.Nc3 d6 6.Bg5 e6 7.Qd2 a6 8.O-O-O h6
9.Be3 Be7 10.f4 Bd7 11.Nf3 b5 12.Bd3 Qc7 13.Kb1 Rb8 14.e5 b4 15.exf6 bxc3
16.Qxc3 Bxf6 17.Bd4 Bxd4 18.Nxd4 O-O 19.Bxa6 Rb6 20.Be2 d5 21.Rhf1 Ra8 22.Bb5 Qa7
23.Bxc6 Qxa2+ 24.Kc1 Rc8 25.Bxd7 Rxc3 26.bxc3 Qa7 27.Bb5 Qa5 28.Rf3 Rxb5
29.Nxb5 Qxb5 30.Re3 Qa5 31.g3 g6 32.Red3 Qc5 33.Rf1 Qc4 34.Re1 g5 35.Kd2 Kg7
36.Rd4 Qc5 37.Re5 Qc7 38.h4 gxf4 39.gxf4 Kf6 40.Re3 Qb8 41.Rg3 Qb1 42.Rdd3 Qh1
43.Rh3 Qg2+ 44.Kc1 Kf5 45.Rhg3 Qf1+ 46.Kb2 Kxf4 47.Rg7 Ke5 48.Rh7 Qf6 49.Rg3 Qxh4
50.Rgg7 f5 51.Rg6 h5 52.Rhh6 Qe7 53.Rxh5 Qf7 54.Rgh6 Ke4 55.Rh1 f4 56.R6h4 Ke3
57.Re1+ Kd2 58.Rxe6 Qb7+ 59.Ka3 Kxc2 60.Re2+ Kxc3 61.Rh3+ Kd4 62.Rd2+ Ke4
63.Re2+ Kf5 64.Rd2 Qa6+ 65.Kb2 Ke4 66.Ra3 Qf6+ 67.Kc1 Qc6+ 68.Kd1 Qb5 69.Re2+ Kf5
70.Rf3 Qb1+ 71.Kd2 Qb2+ 72.Kd1 Qd4+ 73.Rd2 Qa4+ 74.Kc1 Qa1+ 75.Kc2 Qa4+ 76.Kc1 d4
77.Rdf2 Qc4+ 78.Kd2 Ke4 79.Rxf4+ Kd5 80.Rf5+  0-1

[Event "Komercni Banka op"]
[Site "Pardubice"]
[Date "1997.07.21"]
[Round "5"]
[White "Sax, Gyula"]
[Black "Ermekov, Almas"]
[Result "1-0"]
[WhiteElo "2570"]
[BlackElo "2170"]

1.e4 c5 2.Nf3 d6 3.d4 cxd4 4.Nxd4 Nf6 5.Nc3 Nc6 6.Bg5 e6 7.Qd2 Be7 8.Nb3 O-O
9.O-O-O Qb6 10.f3 Rd8 11.Nb5 Rd7 12.Be3 Qd8 13.N5d4 e5 14.Nxc6 bxc6 15.Qc3 Qc7
16.Na5 Bb7 17.Nxb7 Qxb7 18.g4 Rb8 19.g5 Ne8 20.h4 Qb4 21.Qxb4 Rxb4 22.b3 Nc7
23.Bxa7 d5 24.c3 Rb7 25.Be3 Ne6 26.Bh3 Rd8 27.Bxe6 fxe6 28.f4 exf4 29.Bxf4 Rf8
30.Be5 Ra7 31.Rh2 dxe4 32.Re1 Ba3+ 33.Kb1 Rd7 34.Kc2 Rf3 35.Rxe4 Rf1 36.Rd4 Rd5
37.Rxd5 exd5 38.b4 Re1 39.Bd4 Re8 40.Rh1 Kf7 41.Kb3 Ra8 42.h5 g6 43.Rf1+ Ke7
44.h6 Ke8 45.Bc5  1-0

[Event "Wch U20"]
[Site "Zagan"]
[Date "1997.07.21"]
[Round "7"]
[White "Szabo, Zsolt Jozsef"]
[Black "Ivanisevic, Ivan"]
[Result "1/2-1/2"]
[WhiteElo "2435"]
[BlackElo "2540"]

1.e4 c5 2.Nf3 Nc6 3.d4 cxd4 4.Nxd4 Nf6 5.Nc3 d6 6.Bg5 e6 7.Qd2 a6 8.O-O-O h6
9.Be3 Ng4 10.Nxc6 bxc6 11.Bc5 d5 12.Bxf8 Kxf8 13.f4 Qb6 14.Qd4 Rb8 15.Qxb6 Rxb6
16.Rd2 f5 17.exf5 exf5 18.Na4 Rb4 19.Nc5 Rxf4 20.Bxa6 Kf7 21.g3 Rf3 22.Be2 Re3
23.Bxg4 fxg4 24.Rf2+ Ke7 25.Kd2 Rf3 26.Re2+ Kd6 27.b4 Ra3 28.Rf1 Rf3 29.Rfe1 h5
30.Re7 d4 31.Rxg7 Bf5 32.Re2 Kd5 33.Nd3 Ra8 34.Rg5 Kd6 35.Ne5 Rxa2 36.Nc4+ Kd5
37.Nb6+  1/2-1/2

[Event "Komercni Banka op"]
[Site "Pardubice"]
[Date "1997.07.22"]
[Round "6"]
[White "Filipenko, Alexander V"]
[Black "Yemelin, Vasily"]
[Result "0-1"]
[WhiteElo "2380"]
[BlackElo "2480"]

1.e4 c5 2.Ne2 Nf6 3.Nbc3 Nc6 4.d4 cxd4 5.Nxd4 d6 6.Bg5 e6 7.Qd2 a6 8.O-O-O h6
9.Bf4 Bd7 10.Bg3 Be7 11.Nb3 b5 12.Bxd6 b4 13.Na4 Bxd6 14.Qxd6 Nxe4 15.Qf4 Qg5
16.Qxg5 hxg5 17.Rxd7 Kxd7 18.Nb6+ Kd6 19.Nxa8 Nxf2 20.Rg1 Rxa8 21.Be2 Ra7
22.Bf3 Ne5 23.Kd2 Nh3 24.Rd1 Nxf3+ 25.Ke3+ Ke5 26.Kxf3 Nf4 27.Re1+ Kf6 28.Nc5 Rc7
29.Nxa6 Rxc2 30.g3 Nd5 31.Re2 g4+ 32.Kf2 Rc8 33.a4 bxa3 34.bxa3 Ra8 35.Nb4 Nc3
36.Rc2 Rxa3 37.Nc6 Ne4+ 38.Kg2 Rd3 39.Re2 Rd2 40.Rxd2 Nxd2 41.Nd4 Nc4 42.Kf2 e5  0-1

[Event "Wch U20"]
[Site "Zagan"]
[Date "1997.07.22"]
[Round "8"]
[White "Stojanovic, Mihajlo"]
[Black "Goloshchapov, Alexander"]
[Result "1-0"]
[WhiteElo "2470"]
[BlackElo "2400"]

1.e4 c5 2.Nf3 Nc6 3.d4 cxd4 4.Nxd4 Nf6 5.Nc3 d6 6.Bg5 e6 7.Qd2 a6 8.O-O-O h6
9.Be3 Be7 10.f4 Nxd4 11.Bxd4 b5 12.Qe3 Qc7 13.e5 dxe5 14.fxe5 Nd7 15.Ne4 Bb7
16.Nd6+ Qxd6 17.exd6 Bg5 18.Qxg5 hxg5 19.Bxg7 Rh4 20.Bd4 Rc8 21.Bf2 Rh6 22.h4 f5
23.a4 bxa4 24.Rh3 gxh4 25.Ra3 Bc6 26.Bxa6 Ra8 27.Bf1 Ne5 28.Rh3 Ng6 29.g3 Kd7
30.gxh4 Rah8 31.Ra3 Nxh4 32.b4 e5 33.b5 Be4 34.Rxa4 Ra8 35.Rxa8 Bxa8 36.c4 Ng6
37.c5 Nf8 38.Bc4 Rh2 39.Bg3 Rh5 40.Bxe5 f4 41.c6+ Bxc6 42.bxc6+ Kxc6 43.Bxf4 Nd7
44.Be6 Nc5 45.Bc8 Rh7 46.Be3  1-0

[Event "Wch U20"]
[Site "Zagan"]
[Date "1997.07.22"]
[Round "8"]
[White "Socko, Bartosz"]
[Black "Avrukh, Boris"]
[Result "1/2-1/2"]
[WhiteElo "2435"]
[BlackElo "2550"]

1.e4 c5 2.Nf3 Nc6 3.d4 cxd4 4.Nxd4 Nf6 5.Nc3 d6 6.Bg5 e6 7.Qd2 a6 8.O-O-O h6
9.Be3 Be7 10.f3 Nxd4 11.Bxd4 b5 12.Kb1 Rb8 13.Ba7 Rb7 14.Be3 b4 15.Ne2 e5
16.c4 Be6 17.Ng3 O-O 18.Nf5 Bxf5 19.exf5 Qc8 20.g4 Rd8 21.Qc1 b3 22.h4 bxa2+
23.Kxa2 Qc6 24.Rh2 Qa4+ 25.Kb1 Rb3 26.Rd3 Rxd3 27.Bxd3 e4 28.Bxe4 Nxe4 29.fxe4 Qb3
30.g5 Qd3+ 31.Rc2 Qxe4 32.gxh6 Rc8 33.Bg5 f6 34.Qe3 Rxc4 35.Qxe4 Rxe4 36.Rc8+ Kh7
37.Re8 d5 38.hxg7 Kxg7 39.Bd2 Kf7 40.Rh8 Kg7 41.Re8 Kf7 42.Rh8 Kg7  1/2-1/2

[Event "Wch U20 Girls"]
[Site "Zagan"]
[Date "1997.07.23"]
[Round "9"]
[White "Sergeeva, Maria"]
[Black "Lomineishvili, Maia"]
[Result "0-1"]
[WhiteElo "2165"]
[BlackElo "2385"]

1.e4 c5 2.Nf3 Nc6 3.d4 cxd4 4.Nxd4 Nf6 5.Nc3 d6 6.Bg5 e6 7.Qd3 Be7 8.Rd1 a6
9.Be2 Qa5 10.Bc1 Ne5 11.Qh3 Bd7 12.O-O Rc8 13.f4 Nc4 14.Qg3 O-O 15.Kh1 e5
16.Nb3 Qc7 17.f5 Kh8 18.Bg5 Nxb2 19.Bxf6 Bxf6 20.Nd5 Qd8 21.Rb1 Rxc2 22.Qe1 Na4
23.Bd1 Rxa2 24.Na5 Nc5 25.Nc4 Bb5 26.Ndb6 Bh4 27.Qe3 Bg5 28.Qf3 Bxc4 29.Nxc4 b5
30.Bb3 Nxb3 31.Qxb3 Ra4 32.Ne3 Rxe4 33.Nd5 Rd4 34.Nb4 Qc8 35.Qa2 Qc3 36.Rf3 Qxb4  0-1

[Event "Wch U20"]
[Site "Zagan"]
[Date "1997.07.27"]
[Round "13"]
[White "Baklan, Vladimir"]
[Black "Fontaine, Robert"]
[Result "1-0"]
[WhiteElo "2570"]
[BlackElo "2395"]

1.e4 c5 2.Nf3 d6 3.d4 cxd4 4.Nxd4 Nf6 5.Nc3 Nc6 6.Bg5 Bd7 7.Qd2 Rc8 8.Nb3 a6
9.f4 b5 10.a4 b4 11.Bxf6 gxf6 12.Nd5 a5 13.Bb5 Bg7 14.O-O f5 15.Rae1 fxe4
16.Rxe4 f5 17.Rc4 O-O 18.Qe3 e6 19.Nb6 d5 20.Nxd7 dxc4 21.Nxf8 cxb3 22.Nxe6 Bd4
23.Nxd4 Qxd4 24.Qxd4 Nxd4 25.cxb3 Nxb5 26.axb5 Rb8 27.Kf2 Rxb5 28.Rc1 Kf7
29.h3 Rd5 30.Ke3 h5 31.g3 Kg7 32.Rc7+ Kg6 33.Rc6+ Kg7 34.Ra6 Rc5 35.Kd4 Rc2
36.Rxa5 Rxb2 37.Kc4 Kg6 38.Ra6+ Kg7 39.Rd6 Re2 40.Rd7+ Kg6 41.Rd6+ Kg7 42.Kxb4 Re3
43.Kc4 Rxg3 44.Rd3 Rg1 45.b4 Rc1+ 46.Rc3 Rf1 47.Rb3 Rxf4+ 48.Kd5 Kf6 49.b5 Rf1
50.b6 Rd1+ 51.Kc5 Rc1+ 52.Kb5 Rc8 53.b7 Rb8 54.Kc6 Ke5 55.Kc7 Rxb7+ 56.Rxb7 f4
57.Rb5+ Ke4 58.Rxh5 f3 59.Rh8  1-0

[Event "Wch U20"]
[Site "Zagan"]
[Date "1997.07.27"]
[Round "13"]
[White "Krakops, Maris"]
[Black "Avrukh, Boris"]
[Result "1/2-1/2"]
[WhiteElo "2530"]
[BlackElo "2550"]

1.e4 c5 2.Nf3 Nc6 3.d4 cxd4 4.Nxd4 Nf6 5.Nc3 d6 6.Bg5 e6 7.Qd2 a6 8.O-O-O h6
9.Be3 Be7 10.f3 Nxd4 11.Bxd4 b5 12.Kb1 Rb8 13.Ba7 Rb7 14.Be3 b4 15.Ne2 e5
16.Nc1 a5 17.Ba6 Rb8 18.Bxc8 Rxc8 19.Ne2 h5 20.h4 Nd7 21.Ng3 g6 22.Nf1 Qc7
23.Bf2 Kf8 24.Rc1 Qb7 25.Qe2 d5 26.exd5 Qxd5 27.Ng3 Kg7 28.Rcd1 Qe6 29.Ne4 Rc7
30.Rd2 Nb6 31.Ng5 Bxg5 32.Bxb6 Rc6 33.hxg5  1/2-1/2

[Event "MK Cafe op-A"]
[Site "Koszalin"]
[Date "1997.08.03"]
[Round "1"]
[White "Pioch, Zygmunt"]
[Black "Khasin, Alexander"]
[Result "0-1"]
[WhiteElo "2285"]
[BlackElo "2505"]

1.e4 c5 2.Nf3 Nc6 3.d4 cxd4 4.Nxd4 Nf6 5.Nc3 d6 6.Bg5 e6 7.Qd2 a6 8.O-O-O h6
9.Be3 Be7 10.f3 Nxd4 11.Bxd4 e5 12.Be3 Be6 13.Kb1 Rc8 14.g4 Qa5 15.a3 Rxc3
16.Qxc3 Qxc3 17.bxc3 d5 18.g5 hxg5 19.Bxg5 dxe4 20.Bxf6 gxf6 21.fxe4 Rh4
22.Bd3 Bxa3 23.Rdf1 Ke7 24.Rhg1 Rxh2 25.Rg8 Bd7 26.Ka2 Bc5 27.Kb3 Rh4 28.Re1 a5
29.Ra8 a4+ 30.Kb2 Bc6 31.Ka1 Bf2 32.Rf1 Be3 33.Rd1 Bg5 34.Rb8 f5 35.exf5 Kf6
36.Bc4 Rxc4  0-1

[Event "MK Cafe op-A"]
[Site "Koszalin"]
[Date "1997.08.03"]
[Round "1"]
[White "Stypka, Mieczyslaw"]
[Black "Shishkin, Vadim"]
[Result "0-1"]
[WhiteElo "2215"]
[BlackElo "2405"]

1.e4 c5 2.Nf3 Nc6 3.d4 cxd4 4.Nxd4 Nf6 5.Nc3 d6 6.Bg5 e6 7.Qd2 a6 8.O-O-O Bd7
9.f3 h6 10.Be3 Rc8 11.g4 Ne5 12.h4 g6 13.g5 Nh5 14.f4 Ng4 15.Be2 e5 16.Bxg4 Bxg4
17.Rdg1 Bd7 18.Nd5 Bc6 19.Ne2 Bxd5 20.Qxd5 Qc7 21.c3 Qc6 22.Qxc6+ bxc6 23.f5 gxf5
24.exf5 d5 25.Rg4 Kd7 26.Rf1 hxg5 27.hxg5 Bd6 28.Kd2 Ng7 29.Bg1 Rh3 30.Ng3 c5
31.c4 Rb8 32.b3 dxc4 33.bxc4 Rb2+ 34.Kc1 Rg2 35.Bf2 Nxf5 36.Ne4 Rxg4 37.Nf6+ Ke6
38.Nxg4 Rf3 39.Rg1 Rc3+ 40.Kb1 Rxc4 41.Be1 Be7 42.Nf2 Nh4 43.Rg3 Bxg5 44.Rxg5 Nf3
45.Rg3 Nxe1 46.Ra3 f5 47.Rxa6+ Kd5 48.Rf6 f4 49.a3 Nc2 50.Ng4 Ne3 51.Nh6 Rd4
52.Nf7 Rd1+ 53.Ka2 Nc4 54.a4 Rd2+ 55.Kb1 Rb2+ 56.Kc1 Ra2 57.Kd1 Kd4 58.Ke1 Ke3
59.Kf1 f3 60.Kg1 e4 61.Ng5 Rg2+  0-1

[Event "Budapest FS08 GM"]
[Site "Budapest"]
[Date "1997.08.04"]
[Round "3"]
[White "Karatorossian, David"]
[Black "Madl, Ildiko"]
[Result "0-1"]
[WhiteElo "2335"]
[BlackElo "2375"]

1.e4 c5 2.Nf3 d6 3.d4 cxd4 4.Nxd4 Nf6 5.Nc3 Nc6 6.Bg5 e6 7.Qd2 a6 8.O-O-O Bd7
9.f3 Be7 10.Nxc6 Bxc6 11.Bf4 d5 12.Qe1 Qb6 13.Be3 Qc7 14.exd5 Nxd5 15.Bd4 O-O
16.Nxd5 Bxd5 17.Qg3 Qxg3 18.hxg3 Rfd8 19.Bd3 h6 20.Kb1 Rac8 21.c3 Kf8 22.g4 Rc6
23.Rhe1 Rcd6 24.Bc2 Bc6 25.b3 b5 26.Bb6 Rxd1+ 27.Rxd1 Rc8 28.Bd3 Bd5 29.Rc1 Rb8
30.Be3 Ba3 31.Rc2 Rd8 32.Be2 Ke7 33.c4 bxc4 34.Bxc4 Bb7 35.Be2 Rc8 36.Rxc8 Bxc8
37.Kc2 Kd6 38.Kc3 a5 39.Bb5 Bb7 40.Bd4 e5 41.Be3 f6 42.Kd3 Bb4 43.Bb6 Bd5
44.Bc4 Bb7 45.a3 Be1 46.Ba7 Bc6 47.Bb8+ Kc5 48.Ba7+ Kd6 49.Be3 Bb7 50.Bc1 Kc5
51.Bb2 Kb6 52.Ke2 Bg3 53.Bc3 e4 54.Bd4+ Kc7 55.b4 axb4 56.axb4 Be5 57.Be3 Bd6
58.b5 Be5 59.f4 Bc3 60.Bc5 g6 61.Bf7 Bc8 62.Bxg6 Bxg4+ 63.Ke3 f5 64.b6+ Kc6
65.Be8+ Kb7 66.Bf7 Kc6 67.Bd5+ Kxc5 68.b7 Bd4+ 69.Kd2 e3+ 70.Kd3 e2 71.b8=Q e1=Q
72.Qc7+ Kxd5 73.Qd7+ Kc5 74.Qc7+ Kb5 75.Qd7+ Ka6 76.Qc8+ Ka5 77.Qa8+ Kb4
78.Qb7+ Ka3 79.Kxd4 Qb4+ 80.Qxb4+ Kxb4 81.Ke5 Kc4 82.Kf6 Kd4  0-1

[Event "Budapest FS08 GM"]
[Site "Budapest"]
[Date "1997.08.04"]
[Round "3"]
[White "Acs, Peter"]
[Black "Csom, Istvan"]
[Result "1/2-1/2"]
[WhiteElo "2460"]
[BlackElo "2460"]

1.e4 c5 2.Nf3 d6 3.d4 cxd4 4.Nxd4 Nf6 5.Nc3 Nc6 6.Bg5 e6 7.Qd2 Nxd4 8.Qxd4 Bd7
9.O-O-O Qa5 10.f4 Be7 11.Bxf6 gxf6 12.Kb1 Rc8 13.f5 a6 14.fxe6 fxe6 15.g3 O-O
16.Bh3 Rc7 17.Rhf1 Qh5 18.Bg2 Rfc8  1/2-1/2

[Event "MK Cafe op-A"]
[Site "Koszalin"]
[Date "1997.08.04"]
[Round "3"]
[White "Dworakowska, Joanna"]
[Black "Ehrenfeucht, Wojciech"]
[Result "1-0"]
[WhiteElo "2305"]
[BlackElo "2275"]

1.e4 c5 2.Nf3 d6 3.d4 cxd4 4.Nxd4 Nf6 5.Nc3 Nc6 6.Bg5 e6 7.Qd2 a6 8.O-O-O Bd7
9.f3 Qc7 10.h4 Ne5 11.Bxf6 gxf6 12.h5 O-O-O 13.Qf4 Kb8 14.Qxf6 Rg8 15.Kb1 Rc8
16.Qf4 Be8 17.Qd2 Nc4 18.Bxc4 Qxc4 19.g4 Be7 20.Nde2 b5 21.Nf4 b4 22.Nce2 a5
23.Nd3 Bg5 24.f4 Bd8 25.Nf2 Bb6 26.Rhf1 Bb5 27.Qxd6+ Bc7 28.Qd3 Qc5 29.Qd2 Rcd8
30.Nd3 Qc6 31.Qe3 Rxg4 32.Rfe1 Bb6 33.Qf3 Rgg8 34.Ne5 Qc7 35.c4 Rxd1+ 36.Rxd1 Bxc4
37.Rc1 Bxe2 38.Qxe2 Rg1 39.Rxg1 Bxg1 40.Qb5+ Bb6 41.Qe8+ Kb7 42.Qxf7 Qxf7
43.Nxf7 Bc7 44.e5 Kc6 45.Kc2 Kd5 46.Kd3 a4 47.b3 axb3 48.axb3 Bb6 49.Ng5 h6
50.Nf7 Bg1 51.Nxh6 Bh2 52.Ng4 Bxf4 53.h6 Bxh6 54.Nxh6 Kxe5 55.Kc4 Kf4 56.Nf7 e5
57.Nd6 Ke3 58.Kxb4 Kd4 59.Kb5 Kd5 60.Nc4 e4  1-0